Chechov kadhakal/ (Record no. 181883)

000 -LEADER
fixed length control field 00489nam a22001817a 4500
020 ## - INTERNATIONAL STANDARD BOOK NUMBER
ISBN 9789348573605
082 ## - DEWEY DECIMAL CLASSIFICATION NUMBER
Classification number M301 (FTr.)
Item number ANT/C
100 ## - MAIN ENTRY--AUTHOR NAME
Personal name Anton Chechov
245 ## - TITLE STATEMENT
Title Chechov kadhakal/
Statement of responsibility, etc by Anton Chechov
260 ## - PUBLICATION, DISTRIBUTION, ETC. (IMPRINT)
Place of publication Thiruvananthapuram:
Name of publisher Chintha Publishers,
Year of publication 2024.
300 ## - PHYSICAL DESCRIPTION
Number of Pages 72p.
650 ## - SUBJECT ADDED ENTRY--TOPICAL TERM
Topical Term Stories Translation Russian
650 ## - SUBJECT ADDED ENTRY--TOPICAL TERM
Topical Term Stories Malayalam
650 ## - SUBJECT ADDED ENTRY--TOPICAL TERM
Topical Term Literature Malayalam
650 ## - SUBJECT ADDED ENTRY--TOPICAL TERM
Topical Term Literature
700 ## - ADDED ENTRY--PERSONAL NAME
Personal name Lathika Savithri (tr.)
942 ## - ADDED ENTRY ELEMENTS (KOHA)
Koha item type Book
Holdings
Withdrawn status Lost status Damaged status Not for loan Permanent Location Current Location Shelving location Date acquired Cost, normal purchase price Full call number Accession Number Price effective from Koha item type
        Sree Sankaracharya University of Sanskrit Sree Sankaracharya University of Sanskrit Stacks 30.05.2026 150.00 M301 (FTr.) ANT/C 108920 30.05.2026 Book